[Event "Hampstead op U2200 12"]
[Site "Hampstead"]
[Date "2013.12.21"]
[Round "3"]
[White "Woltery, HJ."]
[Black "Pride, Stephen C"]
[Result "0-1"]
[WhiteElo "1000"]
[BlackElo "1797"]
[PlyCount "96"]
[EventDate "2013.12.21"]
[EventType "swiss"]
[EventRounds "5"]
[EventCountry "ENG"]
[SourceTitle "EXT 2015"]
[Source "ChessBase"]
[SourceDate "2014.11.20"]
[SourceVersion "1"]
[SourceVersionDate "2014.11.20"]
[SourceQuality "1"]

1. d4 c5 2. e3 Nf6 3. Nf3 b6 4. Bd3 Bb7 5. 0-0 g6 6. Bd2 Bg7 7. b3 0-0 8. Nc3 Nc6 9. Qc1 Rc8 10. Re1 Nb4 11. Bc4 Bxf3 12. gxf3 cxd4 13. exd4 d5 14. Be2 Nc6 15. Ba6 Nxd4 16. Qd1 Rc7 17. Be3 Nxc2 18. Qxc2 d4 19. Rad1 Rxc3 20. Qxc3 dxc3 21. Rxd8 Rxd8 22. Rc1 Nd5 23. a3 Nxe3 24. fxe3 Rd2 25. Kf1 Rxh2 26. Ke1 h5 27. Bd3 Rh1+ 28. Bf1 h4 29. Rc2 h3 30. Rf2 Bf6 31. Ke2 Bh4 32. Bxh3 Bxf2 33. Bg2 c2 34. Kxf2 c1Q 35. Bxh1 Qxh1 36. e4 Qd1 37. b4 Qb3 38. Kg3 Qxa3 39. b5 a5 40. bxa6 b5 41. Kg4 b4 42. f4 b3 43. a7 b2 44. f5 b1Q 45. a8Q+ Qxa8 46. fxg6 Qaxe4+ 47. Kg5 Qg1+ 48. Kh5 Qgxg6# 0-1